000 00220nam a22000857a 4500
008 160712b xxu||||| |||| 00| 0 eng d
100 _92656
_a Oursler, F
245 _aLights Along the Shore
260 _aN.Y
_b Perma Books
_c1956
999 _c2309
_d2309